000 00645nam a2200205 i 4500
001 106149
003 ES-MaACL
005 20250727062608.0
007 t|
008 061003s1963 it ||||1| ita d
080 _a330.84/.86
100 1 _aPetriccione, Sandro.
_991538
245 1 0 _aSulla teoria economica del socialismo
_b: (economia collectivista e libertáa dei consumatori) /
_cSandro Petriccione.
260 _aMilano :
_bAzione Comune,
_c[1963]
300 _a67 p. ;
_c21 cm.
500 _aBiblioteca Juan Andrade.
650 1 7 _aSocialismo
_2embne
_917147
852 _aES-MaACL
_jAND-Fol-17
_bR.110402
999 _c106149
_d106149